| 000 | 00000nam##2200000za#4500 |
| 001 | 9.602820 |
| 003 | CaOODSP |
| 005 | 20240212134142 |
| 007 | cr ||||||||||| |
| 008 | 150406|1995||||xxc|||||o f|0| 0 fre|d |
| 040 | |aCaOODSP|bfre |
| 043 | |an-cn--- |
| 086 | 1 |aNE22-1/1995-8F-PDF |
| 110 | 1 |aCanada. |bOffice national de l'énergie. |
| 245 | 10|aMotifs de décision relativement à ISH Energy Ltd. : |h[ressource électronique]|bdemande datée du 7 juillet 1995 |
| 246 | 1 |iTitre de renvoi : |aISH Energy Ltd. |
| 260 | |aCalgary - Alberta : |bOffice national de l'énergie |cSeptembre 1995. |
| 300 | |a35p.|bgraphique, carte, tableau |
| 490 | 1 |aMotifs de décision|vOHW-1-95 |
| 500 | |aLe nº de catalogue (NE22-1/1995-8F) et l'ISBN (0-662-80521-6) de l'édition imprimée ont été incorrectement copiés dans cette édition électronique. |
| 590 | |a12-09-Supp|b2012-03-21 |
| 775 | 08|tReasons for decision in the matter of ISH Energy Ltd. : |w(CaOODSP)9.572473 |
| 776 | 0#|tRelativement à ISH Energy Ltd. : |w(CaOODSP)9.623497 |
| 830 | #0|aMotifs de décision (Canada. Office national de l'énergie)|vOHW-1-95|w(CaOODSP)9.500899 |
| 856 | 40|ahttp://publications.gc.ca|qPDF|s2.38 Mo|uhttps://publications.gc.ca/collections/collection_2011/one-neb/NE22-1-1995-8-fra.pdf|yOHW-1-95 |